00493nam a2200109Ia 4500008004100000050002300041100002900064245015600093260008600249300003300335521001500368140724s9999 xx 000 0 und d aNC 997b.V732 2013 aVillegas, Trisha Anne A. 2aA website production the collegiate mover online as a marketing tool for the collegiate mover organization and its magazine /cTrisha Anne A. Villegas. aLas Piñas, Philippines :bSouthville International School and Colleges,cc2013. a60 p. :bcol. ill. ;c28 cm. aMedia Arts